000 00428nas a2200169 a 4500
001 116581
003 204966
005 20220715162358.0
008 ||||||n9999 ||| || ||
040 _aCO-BoESAP
_bspa
_cCO-BoESAP
245 0 _aAnálisis Político - No.64
260 _aBogotá :
562 _e11
773 _016715
_aAnálisis Político :
942 _cSISS
_2ddc
999 _c116581
_d116581